000 00220nam a2200097Ia 4500
008 190216s9999||||xx |||||||||||||| ||und||
100 _aScott F Gerald
245 4 _aThe Beautiful And Damned
260 _bNull
942 _cBK
999 _c12690
_d12690